[Event "Petroupoli ASOP Dias Seniors op"]
[Site "Petroupoli"]
[Date "2013.11.09"]
[Round "7.2"]
[White "Karagiannis, Georgios"]
[Black "Pavlis, Antonios"]
[Result "0-1"]
[WhiteElo "1465"]
[BlackElo "1740"]
[PlyCount "60"]
[EventDate "2013.09.28"]
[EventType "swiss"]
[EventRounds "7"]
[EventCountry "GRE"]
[SourceTitle "EXT 2024"]
[Source "ChessBase"]
[SourceDate "2023.10.10"]
[SourceVersion "1"]
[SourceVersionDate "2023.10.10"]
[SourceQuality "1"]

1. e4 d5 2. exd5 Nf6 3. d4 Bg4 4. Nf3 Qxd5 5. Nc3 Qh5 6. Be2 Nc6 7. Be3 0-0-0 8. 0-0 e5 9. h3 Bc5 10. hxg4 Nxg4 11. Nh4 f5 12. Bxg4 fxg4 13. Qc1 exd4 14. Bg5 dxc3 15. Bxd8 Rxd8 16. g3 Nd4 17. Re1 Nf3+ 18. Nxf3 gxf3 19. Qf4 Bxf2+ 20. Kxf2 Rd2+ 21. Ke3 Qc5+ 22. Kxf3 Rf2+ 23. Kg4 h5+ 24. Kh3 Rxf4 25. gxf4 cxb2 26. Rad1 b6 27. Re2 Qf5+ 28. Kg2 Qxf4 29. Rb1 h4 30. Rxb2 h3+ 0-1

[Event "Attica-ch U14 13"]
[Site "Athens"]
[Date "2012.12.22"]
[Round "1.2"]
[White "Karagiannis, Georgios"]
[Black "Tsiros, Fragkiskos Vlasios"]
[Result "0-1"]
[WhiteElo "1405"]
[BlackElo "1893"]
[PlyCount "124"]
[EventDate "2012.12.22"]
[EventType "swiss"]
[EventRounds "7"]
[EventCountry "GRE"]
[SourceTitle "EXT 2024"]
[Source "ChessBase"]
[SourceDate "2023.10.10"]
[SourceVersion "1"]
[SourceVersionDate "2023.10.10"]
[SourceQuality "1"]

1. e4 c5 2. Nf3 d6 3. Bb5+ Bd7 4. Bxd7+ Qxd7 5. c3 Nf6 6. Qe2 Qg4 7. e5 dxe5 8. Qb5+ Nbd7 9. 0-0 e4 10. Ne5 Qe6 11. d4 exd3 12. Re1 Qb6 13. Qa4 Qa6 14. Qxa6 bxa6 15. Nxd3 e6 16. Be3 c4 17. Nb4 Bxb4 18. cxb4 Nd5 19. a3 0-0 20. Bd4 Nf4 21. Nd2 Rfc8 22. Bc3 Nb6 23. Re4 Nfd5 24. Rc1 Nxc3 25. bxc3 Rc7 26. Nf3 Rd8 27. Rd4 Rxd4 28. Nxd4 Na4 29. Kf1 Rd7 30. g3 e5 31. Nc6 f6 32. Na5 Rc7 33. Ke2 Kf7 34. Ke3 Ke6 35. f3 f5 36. h4 Nb6 37. g4 Nd5+ 38. Kf2 fxg4 39. fxg4 e4 40. Kg3 Ke5 41. g5 Nf4 42. Re1 Nd3 43. Re3 Nc1 44. Re1 Nb3 45. Rb1 Nd2 46. Re1 h5 47. a4 Nb3 48. Rb1 Nxa5 49. bxa5 Rd7 50. Kg2 Kf4 51. Re1 Rd2+ 52. Kg1 e3 53. g6 Kf3 54. Rf1+ Rf2 55. Rd1 e2 56. Rb1 Rf1+ 57. Rxf1+ exf1Q+ 58. Kxf1 Ke3 59. Ke1 Kd3 60. Kd1 Kxc3 61. Kc1 Kb3 62. Kb1 Kxa4 0-1